| 000 | 00545nam a2200193 a 4500 | ||
|---|---|---|---|
| 005 | 20240810063813.0 | ||
| 008 | 040922s2003 mx r 000 0 spa d | ||
| 020 | _a968167006X | ||
| 035 | _aUPN01000134785 | ||
| 049 | _aCG | ||
| 050 | 4 |
_aPQ7297 V4.93 _bA5.8 |
|
| 100 | 1 |
_aVilalta, Maruxa, _d1950- |
|
| 245 | 1 | 0 |
_aAntología de obras de teatro / _cMaruxa Vilalta ; prol. Felipe Garrido. |
| 260 |
_aMéxico : _bFCE, _c2003. |
||
| 300 | _a725 p. | ||
| 440 | 0 | _aLetras mexicanas | |
| 650 | 4 |
_aTeatro mexicano _ySiglo XX _914583 |
|
| 905 | _aLibro | ||
| 999 |
_c106936 _d106936 |
||